[Event "San Fermin Masters Final"]
[Site "chess24.com INT"]
[Date "2021.07.10"]
[Round "1.6"]
[White "Iturrizaga Bonelli, Eduardo"]
[Black "Carlsen, Magnus"]
[Result "1-0"]
[WhiteElo "2607"]
[BlackElo "2847"]
[PlyCount "149"]
[EventDate "2021.07.10"]
[EventType "k.o."]
[EventRounds "3"]
[EventCountry "ESP"]
[SourceTitle "CBM 203 Extra"]
[Source "ChessBase"]
[SourceDate "2021.09.30"]
[SourceVersion "1"]
[SourceVersionDate "2021.09.30"]
[SourceQuality "1"]

1. c4 e5 2. g3 h5 3. Nf3 Nc6 ({RR} 3... e4 4. Nh4 d6 5. Nc3 Nf6 6. d3 exd3 7. Qxd3 Be7 8. Bg2 Nfd7 9. O-O Nc6 10. b3 Nc5 11. Qd2 a5 12. Bb2 Bf6 13. Rad1 O-O 14. Nd5 Bxb2 15. Qxb2 Ne5 16. e4 c6 17. Ne3 Qf6 18. Qe2 {Stockfish dev-20230409-b36d39 (3639)-LCZero 0.30-dag-a9b25c2b-BT2- (3598) tcec-chess.com INT 2023 ½-½ (79)}) ({RR} 3... e4 4. Nh4 c6 5. Nc3 d5 6. cxd5 g5 7. Ng2 cxd5 8. d3 exd3 9. Qxd3 Be6 10. h4 d4 11. Ne4 Bb4+ 12. Bd2 Bxd2+ 13. Qxd2 gxh4 14. Rxh4 Nc6 15. Nf4 Nf6 16. Nxe6 fxe6 17. Bh3 Qe7 18. Ng5 {Iturrizaga Bonelli,E (2600)-Beerdsen,T (2502) chess.com INT 2024 1-0 (34)}) 4. Nc3 Bc5 5. Bg2 ({RR} 5. a3 d6 6. b4 Bb6 7. Bg2 h4 8. Nxh4 g5 9. Nf3 g4 10. Nh4 Bd7 11. d3 Qf6 12. Ne4 Qe7 13. Bg5 f6 14. Bd2 f5 15. Nc3 Qg7 16. b5 Nce7 17. Bxb7 Rb8 18. Bg2 f4 19. Nd5 Nxd5 {Vogel,C (2184)-Rempe,J (2149) Germany GER 2025 1-0 (49)}) 5... h4 $146 ({RR} 5... d6 6. a3 a5 7. d3 Nd4 8. Ne4 Nxf3+ 9. Bxf3 Bb6 10. Bg5 f6 11. Bd2 Ne7 12. b4 axb4 13. axb4 Rxa1 14. Qxa1 Bd4 15. Qa4+ Bd7 16. Qa2 Bc6 17. e3 Bb6 18. b5 Bd7 19. h4 Bg4 20. Bxg4 {Lizak,P (2398)-Adhiban,B (2532) chess.com INT 2024 0-1 (43)}) 6. Nxh4 Rxh4 7. gxh4 Qxh4 8. e3 Qxc4 9. a3 Nf6 10. b4 Bb6 11. Bb2 Qe6 12. Rc1 Ne7 13. Na4 c6 14. O-O d5 15. f4 e4 16. Nxb6 axb6 17. Qe1 Nf5 18. Bh3 Qe7 19. Bxf5 Bxf5 20. Qh4 Nd7 21. Qh8+ Qf8 22. Qxf8+ Kxf8 23. Kf2 b5 24. Rg1 f6 25. h4 Nb6 26. h5 Nc4 27. Bc3 Kf7 28. Rg3 Rh8 29. Rcg1 Rh7 30. R3g2 Nd6 31. Rh2 Rh6 32. Ra1 Ke6 33. a4 bxa4 34. Rxa4 g6 35. Ra7 gxh5 36. Bd4 h4 37. Bc5 Rh7 38. Ra8 h3 39. Rg8 Nc4 40. Kg1 b6 41. Bd4 Kf7 42. Rb8 Rg7+ 43. Kf1 b5 44. Bc3 Ke6 45. Re8+ Re7 46. Rc8 d4 47. Bxd4 Kd5 48. Rf8 Re6 49. Bxf6 Bg4 50. Bc3 Nd6 51. Rg8 Bf5 52. Rg5 Kc4 53. Be5 Bh7 54. Rxh3 Nf7 55. Rg7 Bf5 56. Rh5 Bg6 57. Rh2 Nxe5 58. fxe5 Be8 59. Rhh7 Rxe5 60. Re7 Rf5+ 61. Ke1 Bg6 62. Rxe4+ Kb3 63. Rh6 Rg5 64. Rd4 Kc2 65. Kf2 Kd1 66. Rh1+ Kc2 67. Rh6 Kd1 68. Kf3 Bf7 69. Rxc6 Bd5+ 70. Rxd5 Rxd5 71. d4 Kd2 72. Rc5 Rd8 73. Rxb5 Kd3 74. Re5 Rf8+ 75. Kg4 1-0

[Event "EU-Cup 37th"]
[Site "Mayrhofen"]
[Date "2022.10.06"]
[Round "4.1"]
[White "Carlsen, Magnus"]
[Black "Harikrishna, Pentala"]
[Result "1-0"]
[WhiteElo "2856"]
[BlackElo "2717"]
[PlyCount "85"]
[EventDate "2022.10.03"]
[EventType "team-swiss"]
[EventRounds "7"]
[EventCountry "AUT"]
[SourceTitle "EXT 2023"]
[Source "ChessBase"]
[SourceDate "2022.10.05"]
[SourceVersion "1"]
[SourceVersionDate "2022.10.05"]
[SourceQuality "1"]
[WhiteTeam "Offerspill"]
[BlackTeam "Novy Bor"]
[WhiteTeamCountry "NOR"]
[BlackTeamCountry "CZE"]

1. c4 e5 2. g3 c6 3. d4 Bb4+ 4. Bd2 Bxd2+ 5. Qxd2 d6 6. Nc3 Nf6 7. e4 $146 ({RR} 7. O-O-O Qe7 8. e4 O-O 9. f4 exf4 10. Qxf4 Re8 11. Bd3 Nbd7 12. Nf3 Nf8 13. h3 Ng6 14. Qd2 c5 15. dxc5 dxc5 16. Nd5 Qd6 17. g4 {½-½ (17) Abramovic,B (2520)-Laketic,G (2415) Barcelona 1991}) ({RR} 7. O-O-O e4 8. f3 Qe7 9. Qf4 exf3 10. Nxf3 d5 11. e4 dxe4 12. Re1 O-O 13. Nxe4 Nxe4 14. Rxe4 Qb4 15. Bd3 Nd7 16. a3 Qa4 17. Qh4 h6 18. g4 Nf6 19. Rf4 Qb3 20. Rd1 Nxg4 21. Rxg4 Bxg4 {Keymer,V (2733)-Nepomniachtchi,I (2755) Oslo NOR 2024 1-0 (36)}) ({RR} 7. dxe5 dxe5 8. Qxd8+ Kxd8 9. e4 Nbd7 10. Nf3 Re8 11. Bh3 Kc7 12. Bxd7 Bxd7 13. Nd2 Be6 14. Rc1 Rad8 15. Nd5+ Kb8 16. Ne3 Ng4 17. Nxg4 Bxg4 18. f3 Be6 19. Ke2 Rd4 20. b3 f5 21. Rhd1 Red8 {Bezuidenhout,R (2285)-Fitzsimons,D (2317) England ENG 2025 0-1 (43)}) 7... O-O 8. Nge2 b5 9. cxb5 cxb5 10. a3 a5 11. Bg2 Bb7 12. O-O b4 13. axb4 axb4 14. Nd5 Nxd5 15. exd5 Qb6 16. Rxa8 Bxa8 17. dxe5 dxe5 18. g4 Nd7 19. Ng3 g6 20. Rc1 Rd8 21. Ne4 Nf6 22. Nxf6+ Qxf6 23. Rc5 Qb6 24. Qe3 Qa7 25. Qc1 Bb7 26. h4 Qb6 27. h5 h6 28. Qe3 gxh5 29. Rc8 Qd6 30. Rxd8+ Qxd8 31. Qxh6 Bxd5 32. Qd2 hxg4 33. Qxd5 Qxd5 34. Bxd5 Kg7 35. Kg2 f5 36. Kg3 Kf6 37. Kh4 e4 38. Bc6 Ke5 39. Kg3 Kd4 40. Kf4 Kd3 41. Kxf5 e3 42. fxe3 Kxe3 43. b3 1-0

[Event "NOR-ch"]
[Site "Moss"]
[Date "2006.07.15"]
[Round "9"]
[White "Ostenstad, Berge"]
[Black "Carlsen, Magnus"]
[Result "1-0"]
[WhiteElo "2480"]
[BlackElo "2673"]
[PlyCount "111"]
[EventDate "2006.07.08"]
[EventType "swiss"]
[EventRounds "9"]
[EventCountry "NOR"]
[SourceTitle "CBM 113 Extra"]
[Source "ChessBase"]
[SourceDate "2006.09.14"]
[SourceVersion "1"]
[SourceVersionDate "2006.09.14"]
[SourceQuality "1"]

1. c4 e5 2. g3 Nf6 3. Bg2 h6 4. d4 exd4 5. Qxd4 Nc6 6. Qd1 Bb4+ 7. Bd2 Bxd2+ 8. Qxd2 O-O 9. Nc3 d6 10. Nh3 Ne5 $146 ({RR} 10... Bf5 11. Nf4 Re8 12. O-O Ne4 {½-½ (12) Mack,W (2251)-De Francesco,K (2221) Augsburg GER 2023}) ({RR} 10... Bf5 11. Nf4 Re8 12. O-O Ne4 {½-½ (12) Mack,W (2251)-De Francesco,K (2221) Augsburg GER 2023}) 11. b3 c6 12. Rd1 Qa5 13. O-O Kh8 14. Nf4 Bf5 15. e4 Bh7 16. Nfe2 Rad8 17. Qb2 Rfe8 18. Rd4 d5 19. cxd5 cxd5 20. b4 Qb6 21. exd5 Bd3 22. Rd1 Nfg4 23. Qd2 Nxf2 24. Kxf2 Ng4+ 25. Kg1 Bxe2 26. Nxe2 Ne3 27. Nc3 Nxd1 28. Nxd1 Re5 29. Nf2 Rc8 30. Bf3 f5 31. Kg2 Rd8 32. d6 Rd7 33. h4 Re6 34. Qf4 Rexd6 35. Rxd6 Qxd6 36. Qxf5 g6 37. Qc2 Kg7 38. a3 b6 39. Ne4 Qe5 40. Nf2 Rc7 41. Qd2 Qc3 42. Qe2 Qf6 43. h5 gxh5 44. Bxh5 Re7 45. Qd3 Qg5 46. Bf3 Qe3 47. Qd8 Re8 48. Qd1 Re7 49. Ng4 Qg5 50. Qd4+ Kf7 51. Qd6 Re6 52. Qd7+ Qe7 53. Qd4 Kg6 54. Bd5 Re2+ 55. Kf3 Re1 56. Be4+ 1-0

[Event "Norway Chess 7th"]
[Site "Stavanger"]
[Date "2019.06.10"]
[Round "6"]
[White "Carlsen, Magnus"]
[Black "Ding, Liren"]
[Result "1/2-1/2"]
[WhiteElo "2875"]
[BlackElo "2805"]
[PlyCount "120"]
[EventDate "2019.06.04"]
[EventType "tourn"]
[EventRounds "9"]
[EventCountry "NOR"]
[SourceTitle "CBM 191"]
[Source "ChessBase"]
[SourceDate "2019.08.31"]
[SourceVersion "1"]
[SourceVersionDate "2019.08.31"]
[SourceQuality "1"]

1. c4 Nf6 2. g3 e5 3. Bg2 c6 4. d4 e4 5. Qb3 d5 6. Nc3 dxc4 7. Qxc4 b5 8. Qb3 Qxd4 9. Be3 $146 ({RR} 9. Bg5 Bf5 10. e3 Qe5 11. Bxf6 gxf6 12. Qc2 Na6 13. a3 Nc5 14. Nge2 Nd3+ 15. Kf1 Bc5 16. Nf4 Rd8 17. g4 Bg6 18. Nxg6 hxg6 19. Nxe4 Be7 20. Rd1 Qxb2 21. Qxc6+ Kf8 22. Rd2 Qxa3 23. Qxb5 Kg7 {Hansen,M (2388)-Kistrup,N (2387) Denmark DEN 2023 ½-½ (62)}) ({RR} 9. Bg5 Bf5 10. e3 Qe5 11. Bxf6 gxf6 12. Qc2 Na6 13. a3 Nc5 14. Nge2 Nd3+ 15. Kf1 Bc5 16. Nf4 Rd8 17. g4 Bg6 18. Nxg6 hxg6 19. Nxe4 Be7 20. Rd1 Qxb2 21. Qxc6+ Kf8 22. Rd2 Qxa3 23. Qxb5 Kg7 {Hansen,M (2388)-Kistrup,N (2387) Denmark DEN 2023 ½-½ (62)}) 9... Qb4 10. Bd2 Qxb3 11. axb3 Bf5 12. g4 Bxg4 13. Nxe4 Nxe4 14. Bxe4 g6 15. Bc3 Rg8 16. b4 a6 17. e3 Bg7 18. Ne2 Bxe2 19. Kxe2 Ra7 20. Bxg7 Rxg7 21. Rhc1 Rc7 22. h4 Kd8 23. h5 Kc8 24. hxg6 fxg6 25. Rd1 Rge7 26. f3 Re6 27. Rh1 Kb7 28. Rh6 Rf7 29. Rah1 Ree7 30. Rc1 Kb6 31. Rh2 Re6 32. Rch1 Nd7 33. Rxh7 Rxh7 34. Rxh7 Nf6 35. Rh4 Nxe4 36. fxe4 c5 37. bxc5+ Kxc5 38. Kd3 g5 39. Rg4 Rg6 40. Kc3 a5 41. b4+ axb4+ 42. Kc2 Kc4 43. e5+ Kd5 44. Rxb4 g4 45. Rxb5+ Ke4 46. Rb4+ Kxe3 47. e6 Kf3 48. Rb3+ Kf2 49. Rb4 Kf3 50. Rb3+ Kf4 51. Rb4+ Kf5 52. Rb5+ Kxe6 53. Kd3 g3 54. Rb6+ Kf5 55. Rxg6 Kxg6 56. Ke2 Kg5 57. Kf3 Kh4 58. Kg2 Kg4 59. Kg1 Kh3 60. Kh1 g2+ 1/2-1/2

[Event "Moscow Tal Memorial 2nd"]
[Site "Moscow"]
[Date "2007.11.17"]
[Round "7"]
[White "Carlsen, Magnus"]
[Black "Gelfand, Boris"]
[Result "1/2-1/2"]
[WhiteElo "2714"]
[BlackElo "2736"]
[PlyCount "74"]
[EventDate "2007.11.10"]
[EventType "tourn"]
[EventRounds "9"]
[EventCountry "RUS"]
[EventCategory "20"]
[SourceTitle "CBM 122"]
[Source "ChessBase"]
[SourceDate "2008.01.30"]
[SourceVersion "1"]
[SourceVersionDate "2008.01.30"]
[SourceQuality "1"]

1. c4 e5 2. g3 Nf6 3. Bg2 d5 4. cxd5 Nxd5 5. Nf3 Nc6 6. O-O Be7 7. d4 e4 8. Ne5 f5 9. Nxc6 bxc6 10. Nc3 O-O 11. f3 exf3 12. exf3 Bf6 13. Re1 Rb8 14. f4 Rb4 15. Nxd5 $146 ({RR} 15. Ne2 Re8 16. a3 Rb6 17. Kh1 Ba6 18. Ng1 Rxe1 19. Qxe1 Bd3 20. Nf3 Be4 21. b4 c5 22. bxc5 Rb3 23. Ne5 Nc3 24. Nf3 Qd5 25. Qf1 Nb1 26. Ne5 Qxd4 27. Ra2 Bxe5 28. fxe5 Rd3 29. Re2 Nc3 {Garcia Palermo,C (2475)-Liascovich,L (2454) Buenos Aires 2009 0-1 (31)}) 15... cxd5 16. Be3 Rxb2 17. Qa4 a6 18. Rab1 Rxb1 19. Rxb1 Qd6 20. Rc1 Bd7 21. Qa5 Bb5 22. Qxc7 Qxc7 23. Rxc7 Bc4 24. Rc5 Bxa2 25. Bxd5+ Bxd5 26. Rxd5 Ra8 27. Rxf5 a5 28. Rc5 a4 29. Rc2 a3 30. Ra2 Kf7 31. f5 g6 32. fxg6+ hxg6 33. Kg2 Ke6 34. Bc1 Be7 35. h4 Kd5 36. g4 Kc4 37. g5 Kxd4 1/2-1/2

[Event "EU-Cup 36th"]
[Site "Struga"]
[Date "2021.09.20"]
[Round "3.1"]
[White "Sarrau, Jelle"]
[Black "Carlsen, Magnus"]
[Result "0-1"]
[WhiteElo "2374"]
[BlackElo "2855"]
[PlyCount "182"]
[EventDate "2021.09.18"]
[EventType "team-swiss"]
[EventRounds "7"]
[EventCountry "MKD"]
[SourceTitle "CBM 204 Extra"]
[Source "ChessBase"]
[SourceDate "2022.09.12"]
[SourceVersion "1"]
[SourceVersionDate "2022.09.12"]
[SourceQuality "1"]
[WhiteTeam "Zuid Limburg"]
[BlackTeam "Offerspill CC"]
[WhiteTeamCountry "NED"]
[BlackTeamCountry "NOR"]

1. c4 e5 2. g3 Nf6 3. Bg2 h6 4. Nc3 Bb4 5. Nf3 Bxc3 6. dxc3 ({RR} 6. bxc3 e4 7. Nd4 O-O 8. O-O d6 9. f3 c5 10. Nc2 exf3 11. Bxf3 Nc6 12. Bg2 Ne5 13. d3 Rb8 14. Bf4 Re8 15. Rb1 a6 16. e4 b5 17. Ne3 Be6 18. Nd5 Nxd5 19. cxd5 Bg4 20. Qd2 Bh5 {Eljanov,P (2684)-Delchev,A (2596) Sunny Beach 2012 1-0 (37)}) ({RR} 6. bxc3 d6 7. O-O O-O 8. d4 Nbd7 9. Ba3 Re8 10. e3 Rb8 11. Nd2 a6 12. Rb1 b6 13. c5 dxc5 14. dxc5 b5 15. c6 Nb6 16. Qc2 Be6 17. Rfd1 Qc8 18. Bc5 Bh3 19. Bh1 Bf5 20. Ne4 Nxe4 {Meduri,A (2023)-Ozates,T (2290) chess.com INT 2024 0-1 (41)}) 6... d6 7. Nd2 Nbd7 $146 ({RR} 7... Nc6 8. e4 Be6 9. Qe2 Qd7 10. h3 a6 11. Nf1 Na5 12. Ne3 Qa4 13. b4 Nc6 14. O-O O-O 15. f4 exf4 16. gxf4 Rae8 17. e5 dxe5 18. f5 Bc8 19. Nd5 Nxd5 20. cxd5 Ne7 21. f6 Ng6 22. Be4 {Valsecchi,A (2512)-Libiszewski,F (2522) Chess.com INT 2020 0-1 (36)}) 8. Nf1 a5 9. b3 a4 10. Ba3 e4 11. Ne3 b6 12. O-O O-O 13. Qc2 Re8 14. Rfd1 Bb7 15. b4 Qe7 16. Rd4 Ne5 17. c5 dxc5 18. bxc5 Bc6 19. Nf5 Qf8 20. Qc1 b5 21. Qf4 g5 22. Qc1 Nc4 23. Bb4 Nd5 24. Qc2 Nf6 25. Rf1 Re5 26. Ne3 Nxe3 27. fxe3 Nd5 28. Qd2 Nxb4 29. cxb4 f5 30. g4 Rae8 31. Qc3 h5 32. gxf5 Qf6 33. a3 Rf8 34. Rdd1 Kg7 35. Qe1 Bd5 36. Qg3 c6 37. h4 g4 38. Rf4 Rfe8 39. Qf2 Kf7 40. Qg3 R8e7 41. Rff1 Ke8 42. Kh2 Kd7 43. Kg1 Kc8 44. Kh2 Kb7 45. Kg1 Rf7 46. Kh2 Qe7 47. f6 Rxf6 48. Rxf6 Qxf6 49. Rf1 Rf5 50. Rxf5 Qxf5 51. Qd6 Qf7 52. Kg1 Qg7 53. Qd8 Qc7 54. Qf6 Qg3 55. Qe7+ Ka6 56. Qf8 Kb7 57. Qe7+ Qc7 58. Qf8 Qe5 59. Qd8 Qe6 60. Qg5 Qe8 61. Qg7+ Kc8 62. Qh6 Qe5 63. Qf8+ Kd7 64. Qh6 Bf7 65. Qf8 Qa1+ 66. Bf1 Qf6 67. Bg2 Qe6 68. Qg7 Ke7 69. Qd4 Bg6 70. Qg7+ Ke8 71. Qh8+ Kf7 72. Qb8 Qf6 73. Qc7+ Kf8 74. Qg3 Kg7 75. Kh2 Qe7 76. Kg1 Kh7 77. Kh2 Qd8 78. Kg1 Kg8 79. Kh2 Kf7 80. Kg1 Ke6 81. Kh2 Qd5 82. Kg1 Qe5 83. Qe1 Bf5 84. Qd2 Qg3 85. Qd8 Qxe3+ 86. Kh1 Qc1+ 87. Kh2 Qf4+ 88. Kh1 g3 89. Qg8+ Kd7 90. Qf7+ Kd8 91. e3 Qxh4+ 0-1

[Event "NOR-UKR Solidarity m"]
[Site "Tornelo INT"]
[Date "2022.04.23"]
[Round "2.4"]
[White "Carlsen, Magnus"]
[Black "Moiseenko, Alexander"]
[Result "1-0"]
[WhiteElo "2864"]
[BlackElo "2602"]
[PlyCount "81"]
[EventDate "2022.04.23"]
[EventType "team-match"]
[EventRounds "4"]
[EventCountry "UKR"]
[SourceTitle "CBM 207 Extra"]
[Source "ChessBase"]
[SourceDate "2022.05.31"]
[SourceVersion "1"]
[SourceVersionDate "2022.05.31"]
[SourceQuality "1"]
[WhiteTeam "Norway"]
[BlackTeam "Ukraine"]
[WhiteTeamCountry "NOR"]
[BlackTeamCountry "UKR"]

1. c4 e5 2. e3 c6 3. d4 Bb4+ 4. Bd2 Bxd2+ 5. Qxd2 d6 6. Nc3 Nf6 7. Bd3 $146 ({RR} 7. Nf3 Qe7 8. h3 Nbd7 9. g4 h6 10. O-O-O e4 11. Ng1 Nb6 12. d5 cxd5 13. cxd5 Bd7 14. Kb1 O-O 15. Nge2 Rac8 16. Ng3 Na4 17. Nxa4 Bxa4 18. b3 Bd7 19. Bc4 b5 20. Be2 Rc5 21. Rc1 Rfc8 {Meister,J (2494)-Gaerths,R (2226) Bad Woerishofen 2012 0-1}) 7... O-O 8. Nge2 Re8 9. O-O e4 10. Bc2 d5 11. cxd5 cxd5 12. f3 exf3 13. Rxf3 Bg4 14. Rf4 Bxe2 15. Qxe2 Nbd7 16. Raf1 Qe7 17. R1f3 Rac8 18. g4 Rf8 19. Bb3 Nb6 20. g5 Ne4 21. Nxe4 dxe4 22. Rxf7 Rxf7 23. Rxf7 Qxg5+ 24. Kh1 Kh8 25. Qf1 Qd8 26. Qg1 g6 27. Qf1 Qd6 28. Rxb7 Rf8 29. Rf7 Rc8 30. Rxa7 Nd7 31. Qf7 Qb4 32. Rxd7 Qe1+ 33. Kg2 Qe2+ 34. Kg3 Qxe3+ 35. Kg4 h5+ 36. Kh4 g5+ 37. Kxh5 Qh3+ 38. Kxg5 Qg2+ 39. Kf6 Rc6+ 40. Be6 Qf2+ 41. Ke7 1-0

[Event "Tata Steel-A 79th"]
[Site "Wijk aan Zee"]
[Date "2017.01.19"]
[Round "5"]
[White "Nepomniachtchi, Ian"]
[Black "Carlsen, Magnus"]
[Result "1/2-1/2"]
[WhiteElo "2767"]
[BlackElo "2840"]
[Annotator "ChessBase II"]
[PlyCount "55"]
[EventDate "2017.01.14"]
[EventType "tourn"]
[EventRounds "13"]
[EventCountry "NED"]
[EventCategory "21"]
[SourceTitle "CBM 177"]
[Source "ChessBase"]
[SourceDate "2017.03.16"]
[SourceVersion "1"]
[SourceVersionDate "2017.03.16"]
[SourceQuality "1"]
[TimeControl "40/6000+30:20/3000+30:900+30"]

1. c4 {[%emt 0:00:00]} e5 {[%emt 0:01:45]} 2. Nc3 {[%emt 0:01:16]} Bb4 {[%emt 0:01:02]} 3. Nd5 {[%emt 0:00:19]} Bc5 {[%emt 0:00:15]} 4. Nf3 {[%emt 0:00:28]} c6 {[%emt 0:00:38]} 5. Nc3 {[%emt 0:00:06]} d6 {[%emt 0:00:08]} 6. e3 {[%emt 0:00:25]} Qe7 {[%emt 0:00:58]} 7. d4 {[%emt 0:03:08]} exd4 {[%emt 0:07:11]} 8. Nxd4 {[%emt 0:00:12]} Nf6 {[%emt 0:00:03]} 9. Be2 {[%emt 0:00:26]} O-O {[%emt 0:00:12]} 10. O-O {[%emt 0:00:27]} d5 {[%emt 0:10:05]} ({RR} 10... a5 11. b3 Na6 12. Bb2 Re8 13. Re1 Bd7 14. Bd3 Rad8 15. a3 Bg4 16. Qd2 Bb6 17. h3 Bc8 18. Nf5 Qf8 19. Na4 Bc7 20. Bxf6 gxf6 21. Qe2 Bxf5 22. Bxf5 Nc5 23. Nc3 Qg7 24. b4 Ne6 25. Rad1 {Chasin,N (2458)-Geher,K (2265) Budapest HUN 2025 1-0 (63)}) 11. cxd5 {[%emt 0:08:04]} cxd5 {[%emt 0:00:02]} 12. Nb3 $146 {[%emt 0:06:00]} (12. b3 Nc6 13. Nxc6 bxc6 14. Bb2 Bd6 15. Bf3 Rd8 16. g3 Ba6 17. Re1 Rac8 18. Qc2 Be5 19. Rad1 h5 20. Ne2 h4 21. Nf4 hxg3 22. hxg3 Nd7 23. Kg2 Bxb2 24. Rh1 g5 25. Qxb2 Qe5 26. Qa3 gxf4 27. exf4 Qg7 28. Qxa6 Nf6 29. Rd2 Rc7 30. Qa5 Rcd7 31. Qc3 Rd6 32. Qe5 Re6 33. Qf5 Rde8 34. Rc2 Ne4 35. Rh4 Rg6 36. Rg4 Nd6 37. Rxg6 fxg6 38. Qd3 Rc8 39. Rxc6 {1-0 (39) Gurevich,M (2644)-Naiditsch,A (2611) Ajaccio 2004}) ({RR} 12. Bf3 Rd8 13. b3 Nc6 14. Nce2 Ne5 15. Bb2 Bd7 16. Rc1 Rac8 17. h3 Ba3 18. Rxc8 Rxc8 19. Qb1 Bxb2 20. Qxb2 Ne4 21. Nf4 Qc5 22. Be2 a5 23. Nd3 Nxd3 24. Bxd3 Qc3 25. Qe2 g6 26. Rd1 Nf6 {Howell,D (2676)-Sadler,M (2685) London 2017 ½-½ (35)}) ({RR} 12. b3 Nc6 13. Nxc6 bxc6 14. Bb2 Bd6 15. Rc1 Bd7 16. Bf3 Rfe8 17. Re1 h5 18. g3 Ng4 19. Rc2 Qg5 20. e4 h4 21. exd5 Nxh2 22. Ne4 Nxf3+ 23. Qxf3 Qg6 24. Rce2 Bf8 25. Qd3 hxg3 26. Qxg3 Qxg3+ {Jacobson,B (2503)-Ringoir,T (2500) Charlotte 2019 0-1 (52)}) 12... Bb4 {[%emt 0:12:52]} 13. Nxd5 {[%emt 0:16:00]} Nxd5 {[%emt 0:00:09]} 14. Qxd5 {[%emt 0:00:06]} Rd8 {[%emt 0:00:26]} 15. Qh5 {[%emt 0:03:31]} Nc6 {[%emt 0:01:46]} 16. a3 {[%emt 0:02:58]} Bd6 {[%emt 0:01:19]} 17. Nd4 {[%emt 0:01:40]} Be5 {[%emt 0:03:26]} 18. Nxc6 {[%emt 0:09:39]} bxc6 {[%emt 0:00:09]} 19. Bc4 {[%emt 0:01:04]} g6 {[%emt 0:01:24]} 20. Qe2 {[%emt 0:01:30]} Be6 {[%emt 0:03:56]} 21. Bxe6 {[%emt 0:05:09]} Qxe6 {[%emt 0:00:02]} 22. Rb1 {[%emt 0:01:42]} Rab8 {[%emt 0:08:07]} 23. b4 {[%emt 0:10:54]} c5 {[%emt 0:00:10]} 24. Bb2 {[%emt 0:00:48]} Qa2 {[%emt 0:00:17]} 25. Rfe1 {[%emt 0:00:16]} Bxb2 {[%emt 0:00:11]} 26. Qxb2 {[%emt 0:00:10]} Qxb2 {[%emt 0:00:05]} 27. Rxb2 {[%emt 0:00:07]} a5 {[%emt 0:08:22]} 28. Kf1 {[%emt 0:09:23]} 1/2-1/2